| 000 | 00548nam a22001817a 4500 | ||
|---|---|---|---|
| 003 | OSt | ||
| 008 | 200320b ||||| |||| 00| 0 eng d | ||
| 020 | _a9788123905136 | ||
| 082 | _a615.19 BEP | ||
| 100 | _aBeckett, A.H (ed) | ||
| 245 | _aPractical Pharmaceutical Chemistry Part 1 | ||
| 250 | _a4th (2005) | ||
| 260 |
_aNew Delhi _bCBS Publishers & Distributors _c2005 |
||
| 300 | _aPaperback: 250 pages, Dimensions: 16.4 x 1.7 x 22.2 cm | ||
| 650 | _aPharmaceutical Analysis and Quality Assurance | ||
| 700 | _aStenlake, J.B | ||
| 942 |
_2ddc _cBK |
||
| 999 |
_c8609 _d8609 |
||